000 03807cam a22012734i 4500
003 PE-LiUPU
005 20250813185634.0
008 150706s2012 pe rb 000 0 spa d
020 _a6124113872
020 _a9786124113871
035 _a(Sirsi) i9786124113871
040 _aPE-LiUPU
_bspa
_cPE-LiUPU
_dPE-LiUPU
_erda
049 _aPRUA
082 0 4 _a343.8
_bB24
_221
100 1 _aBassallo Ramos, Carlos,
_eautor.
245 1 0 _aCódigo tributario para contadores :
_banálisis, base legal y doctrinaria, jursprudencias, casos prácticos flujogramas /
_cCarlos Basallo Ramos.
264 1 _aLima :
_bContadores & Empresas, Gaceta Jurídica,
_c2012.
300 _a750 páginas ;
_c25 centímetros
336 _atext
_2rdacontent
337 _aunmediated
_2rdamedia
338 _avolume
_2rdacarrier
504 _aIncluye referencias bibliográficas.
505 0 _aPrincipios y normas tributarias generales -- La obligación tributaria -- La administración tributaria y los administrados -- Procedimientos tributarios -- Infracciones, sanciones y delitos -- Disposiciones finales -- Disposiciones transitorias -- Casos prácticos.
526 _aP202
526 _aP201
526 _aP163
526 _aP162
526 _aP161
526 _aP160
526 _aP148
526 _aP147
526 _aP146
526 _aP145
526 _aP144
526 _aP143
526 _aP142
526 _aP141
526 _aP140
526 _aP139
526 _aP138
526 _aP137
526 _aP136
526 _aP135
526 _aP134
526 _aP133
526 _aP129
526 _aP128
526 _aP127
526 _aP120
526 _aP119
526 _aP118
526 _aP116
526 _aP115
526 _aP114
526 _aP110
526 _aP109
526 _aP108
526 _aP104
526 _aP103
526 _aP102
526 _aP99
526 _aP98
526 _aP97
526 _aP96
526 _aP95
526 _aP93
526 _aP90
526 _aP89
526 _aP88
526 _aP83
526 _aP82
526 _aP62
526 _aP59
526 _aP58
526 _aP57
526 _aP51
526 _aP49
526 _aP48
526 _aP47
526 _aP29
526 _aP24
526 _aP20
526 _aP19
526 _aP17
526 _aP15
526 _aP14
526 _aP12
526 _aP10
526 _aP09
526 _aP08
526 _aP07
526 _aP06
526 _aP05
526 _aP04
526 _aP01
541 _g001-000078;
650 0 4 _aDerecho tributario
_xLegislación
_vInterpretación y aplicación
_zPerú.
650 0 4 _aImpuestos
_xDerecho tributario
_vLegislación
_zPerú.
650 0 4 _aImpuestos
_xLegislación
_zPerú.
700 1 _aCachay Castañeda, José A.,
_d1988,
_ecolaborador.
910 _agl
_cbd
_d20131031
942 _2ddc
_cBOOK
949 _a343.8 B24
_wDEWEY
_c1
_i68863
_lCCODEBUL1
_mBUL
_p58.00
_r0
_sY
_tBOOK
_u2015-7-6
_xFCE
_PP08
_o.STAFF. Colección Ciencias Empresariales
949 _a343.8 B24
_wDEWEY
_c2
_i68864
_lCCODEBUL1
_mBUL
_p58.00
_r0
_sY
_tBOOK
_u2015-7-6
_xFCE
_PP08
_o.STAFF. Colección Ciencias Empresariales
994 _aC0
_bPEPRU
596 _a1
999 _a343.8 B24
_wDEWEY
_c56063
_i68863
_d56063
_e2017-6-8
_f2021-11-5
_g6
_lCCODEBUL1
_mBUL
_n8
_p58.00
_r0
_sY
_tBOOK
_u2015-7-6
_xFCE
_zP08
_0COMPRA
_o.STAFF. Colección Ciencias Empresariales
999 _a343.8 B24
_wDEWEY
_c2
_i68864
_d2016-9-21
_e2016-9-16
_f2021-11-5
_g6
_lCCODEBUL1
_mBUL
_n14
_p58.00
_r0
_sY
_tBOOK
_u2015-7-6
_xFCE
_zP08
_0COMPRA
_o.STAFF. Colección Ciencias Empresariales
980 _81
_gALBERTO SANCHEZ Responsable de Automatización